[Event "FRA-ch op-C"]
[Site "L'Alpe d'Huez"]
[Date "2023.08.24"]
[Round "6"]
[White "Bedus, Nicolas"]
[Black "Eleze, Greg"]
[Result "1/2-1/2"]
[WhiteElo "1670"]
[BlackElo "1610"]
[PlyCount "123"]
[EventDate "2023.08.19"]
[EventType "swiss"]
[EventRounds "9"]
[EventCountry "FRA"]
[SourceTitle "EXT 2024"]
[Source "ChessBase"]
[SourceDate "2023.10.10"]
[SourceVersion "1"]
[SourceVersionDate "2023.10.10"]
[SourceQuality "1"]

1. e4 c5 2. d4 cxd4 3. c3 dxc3 4. Nxc3 Nc6 5. Nf3 e6 6. Bc4 a6 7. Qe2 Bb4 8. 0-0 Bxc3 9. bxc3 Nge7 10. Bg5 0-0 11. Rfd1 Qc7 12. Rd3 Ng6 13. Bb3 b5 14. Rad1 Na5 15. Nd4 h6 16. Bc1 Nf4 17. Bxf4 Qxf4 18. g3 Qg5 19. h4 Qc5 20. Bc2 Nc4 21. g4 Nb2 22. Rg3 Nxd1 23. Qxd1 g6 24. Qd2 Kg7 25. Qe3 d6 26. f4 e5 27. fxe5 Qxe5 28. Kh2 Be6 29. Nf5+ Bxf5 30. gxf5 Rac8 31. Bb3 d5 32. Bxd5 Rc7 33. Kg1 Rd8 34. Qf3 Rxd5 35. exd5 Re7 36. fxg6 fxg6 37. Kh2 Rf7 38. Qd3 Rf2+ 39. Kh3 Qf6 40. a3 Rf1 41. Qd4 Qxd4 42. cxd4 Rf5 43. Rd3 Rxd5 44. Kg4 a5 45. Kf4 Kf6 46. Ke4 Rh5 47. Rc3 Rxh4+ 48. Kd5 Rh5+ 49. Kc6 b4 50. axb4 axb4 51. Re3 Rh4 52. d5 Rc4+ 53. Kd7 Rd4 54. d6 h5 55. Kc7 h4 56. d7 Rc4+ 57. Kd6 Rd4+ 58. Kc7 Rc4+ 59. Kd6 Rd4+ 60. Kc7 Rxd7+ 61. Kxd7 g5 62. Kd6 1/2-1/2